000 nam a22 7a 4500
999 _c10173
_d10173
008 180212b ||||| |||| 00| 0 eng d
100 _aGhosh, B J
_96176
245 _aHands on Maths For class - VII
260 _aNew Delhi
_bBharati Publication
_c2012